X-Men Characters - Statistics

General Stats
  • This quiz has been taken 223 times
  • The average score is 19 of 24
Answer Stats
Real
Name
Mutation Answer % Correct
James "Logan" Howlett Healing factor; claws that come out of his knuckles Wolverine
98%
Henry "Hank" McCoy Superhuman strength and agility; blue skin and fur Beast
97%
Erik Lehnsherr Control over metal; control over all forms of magnetism Magneto
97%
Scott Summers Shoots non-stop optic blasts out of his eyes Cyclops
96%
Charles Xavier Telepathy Professor X
95%
Ororo Munroe Has total control over weather Storm
95%
Robert "Bobby" Drake Freezes water vapor around him, creating ice Iceman
94%
Jean Grey Telepathy and telekinesis; has Phoenix force inside her Phoenix
94%
Wade Wilson Healing factor; breaking the fourth wall Deadpool
93%
Warren Worthington III Wings on back, later turned metal Archangel/Angel
91%
Kurt Wagner Can teleport; has blue skin, three fingers and a pointed tail Nightcrawler
91%
Anna Marie Absorbs powers of other mutants; absorbs memory and life force of humans Rogue
89%
Remy LeBeau Can infuse objects with biokinetic energy Gambit
88%
Piotr Rasputin Can transform his body into "organic metal" Colossus
85%
Raven Darkhölme Shapeshifting Mystique
84%
Jubilation Lee Creation and detonation of energy plasmoids Jubilee
78%
Lucas Bishop Absorbs energy and shoots it out in concussive blast Bishop
73%
Sean Cassidy Supersonic screams; can fly/glide due to his screams Banshee
72%
Alexander "Alex" Summers Concussive energy blasts Havok
69%
Kitty Pryde Can phase through wall and solid surfaces Shadowcat
60%
Nathan "Nate" Summers Telepathy and telekinesis Cable
59%
Roberto Da Costa Absorbs solar energy as physical strength and shoots out heat and light Sunspot
56%
Shiro Yoshida Superheated plasma generation; flight Sunfire
35%
John Proudstar Super strength Thunderbird
32%
No matching quizzes found
Score Distribution
Percent of People with Each Score
Percentile by Number Answered
Your Score History
You have not taken this quiz